| 000 | 01579cam a2200409 i 4500 | ||
|---|---|---|---|
| 001 | 31446 | ||
| 003 | Mx-PuUPA | ||
| 005 | 20250320115611.0 | ||
| 008 | 140415s2011 sp jr 000 0dspa d | ||
| 017 | _aNA-3.131-2011 | ||
| 020 | _a9788498382327 | ||
| 040 |
_cMx-PuUPA _aMx-PuUPA _bspa _dMx-PuUPA _erda |
||
| 041 | 1 |
_aspa _heng |
|
| 043 | _aa-af--- | ||
| 100 | 1 |
_aHosseini, Khaled, _d1965- _92973 |
|
| 240 | 1 | 0 |
_aA thousand splendid suns. _lEspañol |
| 245 | 1 | 0 |
_aMil soles espléndidos / _cKhaled Hosseini ; traducción, Gema Moral Bartolomé |
| 250 | _a12a. edición | ||
| 264 | 1 |
_aBarcelona : _bPublicaciones y Ediciones Salamandra, _c2011 |
|
| 300 |
_a412 páginas ; _c20 cm. |
||
| 336 |
_2rdacontent _atexto _btxt |
||
| 337 |
_2rdamedia _asin medio _bn |
||
| 338 |
_2rdacarrier _avolumen _bnc |
||
| 490 | 0 |
_aLetras de bolsillo ; _v76 |
|
| 650 | 7 |
_2armarc _aFamilias _vNovela |
|
| 650 | 7 |
_2armarc _aNovela doméstica |
|
| 650 | 7 |
_2armarc _aRelaciones intergeneracionales _vNovela |
|
| 650 | 7 |
_2armarc _aPérdida (Psicología) _vNovela |
|
| 650 | 7 |
_2armarc _aMujeres _zAfganistan _vNovela |
|
| 651 | 4 |
_aAfganistán _vNovela |
|
| 700 | 1 |
_aMoral Bartolomé, Gema, _etraductor |
|
| 765 | 0 |
_aHosseini, Khaled, 1965- _tA thousand splendid suns _d[Lugar de publicación no identificado] : ATSS Publications, 2007 |
|
| 775 | 0 |
_aHosseini, Khaled, 1965- _tMil soles espléndidos. _bVigesimoctava edición _dBarcelona : Salamandra, 2019 _w(Mx-PuUPA) 65651 _z9788498382327 |
|
| 942 |
_2ddc _cLI _h813.6 _iH8218 |
||
| 999 |
_c31446 _d31446 |
||